OPHTHALMIC LENSES (Record no. 10227)

MARC details
000 -LEADER
fixed length control field 00299nam a22001457a 4500
003 - CONTROL NUMBER IDENTIFIER
control field SGT
082 ## - DEWEY DECIMAL CLASSIFICATION NUMBER
Classification number 617.75
Item number O09B
100 ## - MAIN ENTRY--PERSONAL NAME
Personal name BHOOTRA, AJAY
245 ## - TITLE STATEMENT
Title OPHTHALMIC LENSES
250 ## - EDITION STATEMENT
Edition statement 1ST
260 ## - PUBLICATION, DISTRIBUTION, ETC. (IMPRINT)
Place of publication, distribution, etc INDIA
Name of publisher, distributor, etc JAYPEE
Year of Publication 2009
300 ## - PAGE DESCRIPTION
No. of Pages 214
650 ## - SUBJECT ADDED ENTRY--TOPICAL TERM
Topical term or geographic name as entry element OPHTHALMOLOGY
942 ## - ADDED ENTRY ELEMENTS (KOHA)
Source of classification or shelving scheme Dewey Decimal Classification
Koha item type Books
942 ## - ADDED ENTRY ELEMENTS (KOHA)
-- 6
Holdings
Withdrawn status Lost status Source of classification or shelving scheme Damaged status Not for loan Collection code Home library Current library Shelving location Date acquired Vendor Name Cost, normal purchase price SGTU Bill Number Total Checkouts Full call number Accession No. (Barcode) Date last seen Date last borrowed Bill Date Koha item type
    Dewey Decimal Classification     MEDICAL SGT Medical Library SGT Medical Library Text Book 14/12/2016 ABC 495.00 SGTU 6436 3 617.75 O09B FM7726 21/11/2025 17/11/2025 02/01/2016 Books
    Dewey Decimal Classification     MEDICAL SGT Medical Library SGT Medical Library Text Book 14/12/2016 ABC 495.00 SGTU 6436 2 617.75 O09B FM7727 23/09/2024 06/09/2024 02/01/2016 Books
    Dewey Decimal Classification     MEDICAL SGT Medical Library SGT Medical Library Text Book 14/12/2016 ABC 495.00 SGTU 6436 3 617.75 O09B FM7728 02/11/2023 04/10/2023 02/01/2016 Books
    Dewey Decimal Classification     MEDICAL SGT Medical Library SGT Medical Library Text Book 14/12/2016 ABC 495.00 SGTU 6436   617.75 O09B FM7729 14/12/2016   02/01/2016 Books
    Dewey Decimal Classification     MEDICAL SGT Medical Library SGT Medical Library Text Book 14/12/2016 ABC 495.00 SGTU 6436   617.75 O09B FM7730 14/12/2016   02/01/2016 Books